| 000 | 00787cam a22002054a 4500 | ||
|---|---|---|---|
| 005 | 20250605163925.0 | ||
| 008 | 250528s ||||||||||||||||||||||||d | ||
| 035 | _a14524 | ||
| 040 |
_aGR-AtMCL _bgre _dGR-AtMCL _eAACR2 |
||
| 245 | 1 | _aHaunted People / Story of the Poltergeist Down the Centuries | |
| 250 | _a1st | ||
| 260 |
_bNew American Library, _c1968 |
||
| 300 | _a192 | ||
| 520 | _aHistoric Poltergeists, The March of the Poltergeist, The Phelps Case, A Jink in Transylvania, A Poltergeist in Mauritius, The Saragossa Ghost, The Psychoanalytic Approach to Problems of Occultism, The Bell Witch, The Talking Mongoose, The Poltergeist Psychoanalyzed. | ||
| 700 | 1 |
_aCarrington Hereward _9227 |
|
| 700 | 1 |
_aFodor Nandor _9228 |
|
| 942 | _cBK | ||
| 999 |
_c151 _d151 |
||